| 000 | 00678nam a2200205Ia 4500 | ||
|---|---|---|---|
| 003 | GCL | ||
| 008 | 140319s9999 xx 000 0 ara d | ||
| 020 | _a8815031977 | ||
| 040 |
_aGCL / _cGCL |
||
| 082 | 0 | 4 |
_a591.2 _bص أ |
| 100 | 1 | _aصلاح الدين عبدالكريم سليم | |
| 245 | 1 | 0 |
_aالامراض البريونية ( جنون البقر ) / _cصلاح الدين عبدالكريم سليم |
| 250 | _aالاولى | ||
| 260 |
_a[S.N] : _bوزارة البحث العلمى ، _c2004 |
||
| 300 |
_a183ص ؛ _c24سم |
||
| 650 | 0 | 4 | _aجنون البقر |
| 650 | 0 | 4 | _aالحيوانات - امراض |
| 650 | 0 | 4 | _aالبقر - امراض |
| 942 |
_2ddc _cBK |
||
| 999 |
_c7697 _d7697 |
||